First Names in Movies? Quiz Stats

Quiz Updated Sep 29, 2016

Challenge
Share
Tweet
Score 0/18 Timer 06:00
12 Plays Today
% Correct
Good Will Smith
Hunting
93.8%
Midnight in
Paris Hilton
89.8%
Julie &
Julia Roberts
87.5%
Desperately Seeking
Susan Sarandon
82.7%
Chasing
Amy Adams
82.1%
Jennifer Aniston's
Body
76%
The Muppet Christmas
Carol Burnett
75.9%
(500) Days of
Summer Glau
75.2%
Kill Bill Hader:
Vol. 1
74%
% Correct
Judge Reinhold
Dredd
73.8%
Maria Full of
Grace Kelly
72.5%
The Petrified
Forest Whitaker
71.6%
New Jack Lemmon
City
69.6%
The Mark Wahlberg
of Zorro
69.6%
We Need to Talk About
Kevin Spacey
67.4%
G.I.
Jane Seymour
61.1%
Regarding
Henry Cavill
53.4%
The Magic
Christian Bale
45.4%

You're not logged in!

Compare scores with friends on all Sporcle quizzes.
Sign Up with Email
OR
Log In

You Might Also Like...

Show Comments

Extras

Top Quizzes Today


Score Distribution

Your Account Isn't Verified!

In order to create a playlist on Sporcle, you need to verify the email address you used during registration. Go to your Sporcle Settings to finish the process.